000 00812nam a22002777a 4500
001 BR9300147
003 BR-BrBNA
005 20230928093758.0
007 ta
008 230509b bl.||||| |||| 00| 0 por d
040 _aBR-BrBNA
_bpor
_cBiblioteca Nacional de Agricultura
041 _a(Por)
072 _aE11
090 _ E11 BR9300147
110 1 _aMinisterio Extraordinario para Assuntos Fundiarios, Brasilia, DF (Brasil)
_97176
110 1 _aInstituto Nacional de Colonizacao e Reforma Agraria, Brasilia, DF (Brasil)
245 1 _aManual para o parceleiro
250 1 _a2. ed.
260 3 _aBrasilia, DF (Brasil):
_c1984.
300 _a69 p.
650 _aReforma Agraria
650 _aColonizacao
650 _aDistribuicao de Terra
909 _a202309
_bLucia
_c55
_dLucia Elande
942 _cBK
999 _c47061
_d47061